Wars & Conflicts That Involve The U.S. (1900 - 2015) - Statistics

General Stats
  • This quiz has been taken 267 times
  • The average score is 11 of 18
Answer Stats
Hint Answer % Correct
1917 to 1918 World War I
96%
1941 to 1945 World War II
96%
1965 to 1973, 1975 (part of 5) Vietnam War
94%
1950 to 1953 (part of above) Korean War
91%
2003 to 2011 (part of 13) Iraq War
90%
2001 to 2014, 2015 to present (part of above) War in Afghanistan
90%
1947 to 1991 Cold War
78%
1990 to 1991 Gulf War
67%
1994 to 1995, 1998 to 1999 Yugoslav Wars
56%
2011 Libyan Intervention
52%
2001 to present War on Terror
43%
1992 to 1995 Somali Civil War
39%
1983 (part of 5) Grenada Invasion
38%
1989 to 1990 Panama Invasion
36%
2014 to present War on ISIL
36%
1918 to 1920 Russian Civil War
35%
2004 to present (part of 13) War in Pakistan
32%
1965 to 1966 Dominican Civil War
13%
No matching quizzes found
Score Distribution
Percent of People with Each Score
Percentile by Number Answered
Your Score History
You have not taken this quiz